Brothers, we are not professionals : (Record no. 674)
[ view plain ]
| 000 -LEADER | |
|---|---|
| fixed length control field | 00864cam a2200289 a 4500 |
| 001 - CONTROL NUMBER | |
| control field | 50637202 |
| 003 - CONTROL NUMBER IDENTIFIER | |
| control field | OCoLC |
| 005 - DATE AND TIME OF LATEST TRANSACTION | |
| control field | 20180822090029.0 |
| 008 - FIXED-LENGTH DATA ELEMENTS--GENERAL INFORMATION | |
| fixed length control field | 030212s2002 tnu b 001 0 eng d |
| 010 ## - LIBRARY OF CONGRESS CONTROL NUMBER | |
| LC control number | 2003268567 |
| 020 ## - INTERNATIONAL STANDARD BOOK NUMBER | |
| International Standard Book Number | 0805426205 |
| 035 ## - SYSTEM CONTROL NUMBER | |
| System control number | .b10837899 |
| 040 ## - CATALOGING SOURCE | |
| Original cataloging agency | TNE |
| Transcribing agency | TNE |
| Modifying agency | DLC |
| -- | KWW |
| -- | MZN |
| -- | OCoLC |
| 042 ## - AUTHENTICATION CODE | |
| Authentication code | lccopycat |
| 050 00 - LIBRARY OF CONGRESS CALL NUMBER | |
| Classification number | BV4011.3 |
| Item number | .P57 2002 |
| 082 ## - DEWEY DECIMAL CLASSIFICATION NUMBER | |
| Classification number | 253 |
| Item number | P665B |
| 100 1# - MAIN ENTRY--PERSONAL NAME | |
| Personal name | Piper, John, |
| Dates associated with a name | 1946- |
| 245 10 - TITLE STATEMENT | |
| Title | Brothers, we are not professionals : |
| Remainder of title | a plea to pastors for radical ministry / |
| Statement of responsibility, etc. | John Piper |
| 260 ## - PUBLICATION, DISTRIBUTION, ETC. | |
| Place of publication, distribution, etc. | Nashville, Tenn. : |
| Name of publisher, distributor, etc. | Broadman & Holman, |
| Date of publication, distribution, etc. | c2002 |
| 300 ## - PHYSICAL DESCRIPTION | |
| Extent | xv, 286 p. ; |
| Dimensions | 22 cm |
| 504 ## - BIBLIOGRAPHY, ETC. NOTE | |
| Bibliography, etc. note | Includes bibliographical references and indexes |
| 650 #0 - SUBJECT ADDED ENTRY--TOPICAL TERM | |
| Topical term or geographic name entry element | Pastoral theology |
| 650 #0 - SUBJECT ADDED ENTRY--TOPICAL TERM | |
| Topical term or geographic name entry element | Church work |
| 650 #0 - SUBJECT ADDED ENTRY--TOPICAL TERM | |
| Topical term or geographic name entry element | Professions |
| 650 #0 - SUBJECT ADDED ENTRY--TOPICAL TERM | |
| Topical term or geographic name entry element | Clergy |
| General subdivision | Appointment, call, and election |
| 942 ## - ADDED ENTRY ELEMENTS (KOHA) | |
| Source of classification or shelving scheme | Dewey Decimal Classification |
| Koha item type | Books |
| Withdrawn status | Lost status | Source of classification or shelving scheme | Damaged status | Not for loan | Collection code | Home library | Current library | Shelving location | Date acquired | Cost, normal purchase price | Total Checkouts | Full call number | Barcode | Date last seen | Price effective from | Koha item type |
|---|---|---|---|---|---|---|---|---|---|---|---|---|---|---|---|---|
| Dewey Decimal Classification | Non-fiction | Harvest Mission College | Harvest Mission College | General Stacks | 22.08.2018 | 1050.00 | 253 P665B | 003277 | 22.08.2018 | 22.08.2018 | Books | |||||
| Dewey Decimal Classification | Non-fiction | Harvest Mission College | Harvest Mission College | General Stacks | 22.08.2018 | 1050.00 | 253 P665B | 003278 | 21.09.2018 | 22.08.2018 | Books |
